Least developed countries - comparison
Hospodárska situácia v menej rozvinutých krajinách. Africké, ázijské, oceánske menej rozvinuté krajiny. Medzinárodný obchod, priame zahraničné investície, remitencie. Kapitál ľudský, indikátory zdravia, indexy ľudského rozvoja. Prístup k vodným zdrojom.
Saved in:
| Main Author: | |
|---|---|
| Other Authors: | |
| Format: | Book Chapter |
| Language: | English |
| Subjects: | |
| Tags: |
No Tags, Be the first to tag this record!
|
MARC
| LEADER | 00000naa a2200000 4500 | ||
|---|---|---|---|
| 001 | 0185402 | ||
| 005 | 20231211071408.5 | ||
| 041 | 0 | |a eng | |
| 044 | |a CZ | ||
| 245 | 1 | 0 | |a Least developed countries - comparison |c Vladimír Jeníček, Šárka Grófová |
| 520 | |a Hospodárska situácia v menej rozvinutých krajinách. Africké, ázijské, oceánske menej rozvinuté krajiny. Medzinárodný obchod, priame zahraničné investície, remitencie. Kapitál ľudský, indikátory zdravia, indexy ľudského rozvoja. Prístup k vodným zdrojom. | ||
| 610 | 2 | 0 | |a krajiny rozvojové |
| 610 | 2 | 0 | |a situácia hospodárska |
| 610 | 2 | 0 | |a chudoba |
| 610 | 2 | 0 | |a zdravie |
| 610 | 2 | 0 | |a index rozvoja ľudského |
| 610 | 2 | 0 | |a úroveň životná |
| 610 | 2 | 0 | |a voda |
| 100 | 1 | |a Jeníček, Vladimír | |
| 700 | 1 | |a Grófová, Šárka | |